000 00351 a2200157 4500
001 50134
020 _a8576350963
040 _cAnchieta - Bela Vista
100 _aJost, Alain
240 1 0 _aSe vocĂȘ visse a sua cara!
_lpor
245 1 0 _aSe vocĂȘ visse a sua cara!
300 _a47
362 0 _a2005
650 4 _aLiteratura juvenil
942 _cBK
999 _c50134
_d50134